000 00478nam a2200145Ia 4500
008 100122s9999 xx 000 0 und d
082 _b13439
_a823
100 _aखांडेकर वि स
245 _aरिकामा देव्हारा
260 _bदा.ना.मोघे प्रकाशन
_c1965
300 _a152
630 _aरिकामा देव्हारा
730 _aरिकामा देव्हारा
942 _cBOOK
999 _c404261
_d404258